Normal view
MARC view
- Afghanistan
Entry Geographic Name
001 - CONTROL NUMBER
- control field: 127499
003 - CONTROL NUMBER IDENTIFIER
- control field: NUST
005 - DATE AND TIME OF LATEST TRANSACTION
- control field: 20250113120654.0
008 - FIXED-LENGTH DATA ELEMENTS
- fixed length control field: 250113|| aca||aabn | a|a d
040 ## - CATALOGING SOURCE
- Original cataloging agency: NUST
- Transcribing agency: NUST
151 ## - HEADING--GEOGRAPHIC NAME
- Geographic name: Afghanistan
- General subdivision: Politics and government
- Chronological subdivision: 2001-2021
- General subdivision: Foreign influences
670 ## - SOURCE DATA FOUND
- Source citation: Work cat.: (NUST)0: Hussain, Zahid, 1949- author. 127498, No-win war :
